| 000 | 00785nab a2200241 u 4500 | ||
|---|---|---|---|
| 001 | 11751 | ||
| 003 | HDC | ||
| 007 | cr bn ---aaaaa | ||
| 008 | 210207c9999 |r|noo 0 a eng d | ||
| 040 | _aHDC | ||
| 245 | 0 | _aMalaysia clears Korean banana-flavored milk | |
| 260 |
_a[no place] : _b[publisher not identified], _c[no year] |
||
| 336 |
_atext _2rdacontent |
||
| 337 |
_acomputer _2rdamedia |
||
| 338 |
_aonline resource _2rdacarrier |
||
| 650 |
_abanana-flavored milk _912123 |
||
| 650 |
_ahalal food _950 |
||
| 710 | _aThe Korea Times | ||
| 856 | _zRequest full-text at [email protected] | ||
| 942 | _2lcc | ||
| 942 | _cNEWS | ||
| 942 | _kNWSO 001371 | ||
| 999 |
_c9074 _d9074 |
||